000 00320nam a22001337a 4500
008 181107b xxu||||| |||| 00| 0 eng d
020 _a0030638011
041 _aeng
080 _a101
100 _a23
101 _aFIL
245 _aPhilosophy An Introduction To The Centrall Issues
_cCharles.L
942 _2udc
_cBK
999 _c52196
_d52196